5 meistgesprochene Sprachen (mit 2 Hinweisen) - Statistiken

Allgemein
  • Dieses Quiz wurde 6 mal gespielt
  • Das Durchschnittsergebnis liegt bei 3 aus 5
Antwortstatistiken
Rang Sprachfamilie Gesamtsprecher Sprache % Korrekt
1. Indogermanische Sprachen 1.453 Mio. Englisch
100%
4. Indogermanische Sprachen 559 Mio. Spanisch
100%
5. Indogermanische Sprachen 274 Mio. Französisch
67%
3. Indogermanische Sprachen 610 Mio. Hindi
33%
2. Sinotibetische Sprachen 1.118 Mio. Mandarin-Chinesisch
17%
Keine übereinstimmenden Quizze gefunden
Verteilung der Resultate
Anzahl Personen mit jedem Resultat
Perzentil nach korrekt beantworteten Fragen
Ihre Resultats-Entwicklung
Sie haben dieses Quiz noch nicht gespielt